Rosalía (2018-2025) - Estadísticas

Estadísticas generales
  • Esta prueba ha sido intentada 221 veces
    88 desde el último reinicio
  • La puntuación promedio es 42 de 69
Estadísticas de respuestas
Hint Respuesta % Correcto
El Mal Querer Malamente
95%
RR BESO (Ft: Rauw Alejandro)
89%
Motomami Motomami
85%
RR VAMPIROS (Ft: Rauw Alejandro)
85%
El Mal Querer Pienso En Tu Mirá
84%
El Mal Querer Bagdad
82%
Motomami Candy
80%
Motomami+ DESPECHÁ
80%
El Mal Querer Di Mi Nombre
80%
Motomami Saoko
80%
Motomami La Fama (Ft: The Weeknd)
79%
Motomami Chicken Teriyaki
77%
Motomami Como Un G
77%
Motomami Hentai
77%
Fucking Money Man Millonària
77%
Motomami Bizcochito
75%
Motomami G3 N15
75%
Colaboraciones Con Altura (Ft: J Balvin y El Guincho)
74%
Motomami La Combi Versace (Ft: Tokischa)
74%
Motomami Abcdefg
72%
Fucking Money Man Dios Nos Libre Del Dinero
72%
El Mal Querer A Ningún Hombre
70%
Motomami Bulerías
70%
Motomami Delirio De Grandeza
70%
Motomami Diablo
70%
Sencillo Dolerme
70%
Colaboraciones Yo x Ti, Tu x Mi (Ft: Ozuna)
70%
Colaboraciones La Noche De Anoche (Ft: Bad Bunny)
69%
RR PROMESA (Ft: Rauw Alejandro)
69%
El Mal Querer Que No Salga La Luna
69%
Motomami Sakura
69%
Sencillo LLYLM
67%
Motomami Cute
66%
Sencillo TUYA
66%
Motomami+ CHIRI
61%
El Mal Querer Nana
61%
Colaboraciones New Woman (Ft: LISA)
61%
Colaboraciones TKN (Ft: Travis Scott)
61%
Sencillo A Palé
59%
Motomami+ LAX
59%
Colaboraciones Linda (Ft: Tokischa)
59%
Colaboraciones Lo Vas A Olvidar (Ft: Billie Eilish)
59%
Motomami+ LA KILLIÉ
57%
Colaboraciones OMEGA (Ft: Raphiel Choo)
57%
El Mal Querer Preso
57%
El Mal Querer Reniego
57%
Sencillo Aute Cuture
54%
El Mal Querer De Aquí No Sales
54%
Sencillo Juro Que
54%
Colaboraciones Oral (Ft: Björk)
54%
Motomami+ AISLAMIENTO
52%
El Mal Querer Maldición
52%
Colaboraciones Antes De Morirme (Ft: C.Tangana)
51%
Colaboraciones BRILLO (Ft: J Balvin)
51%
Colaboraciones El Pañuelo (Ft: Romeo Santos)
49%
Motomami+ CANDY Remix (Ft: Chencho Corleone)
48%
Colaboraciones Besos Moja2 (Ft: Wisin & Yandel)
46%
Motomami+ Thank Yu :)
46%
Colaboraciones Relación Remix (Ft: Sech, Daddy Yankee, J Balvin)
44%
Colaboraciones Barefoot In The Park (Ft: James Blake)
38%
Colaboraciones Despechá Remix (Ft: Cardi B)
36%
Colaboraciones Blinding Lights Remix (Ft: The Weeknd)
31%
Colaboraciones KLK (Ft: Arca)
31%
Colaboraciones Highest In The Room (Ft: Travis Scott, Lil Baby)
28%
Colaboraciones Normal (Ft: Carolina Durante)
26%
Colaboraciones Me Traicionaste (Ft: A.CHAL)
18%
Colaboraciones Bizcochito Remix (Ft: Leord y Haraca Kiko)
16%
Sencillo (Performed) ¡Ay, Paquita!
8%
Colaboraciones Oral Remix (Ft: Björk, Olof Drejier)
5%
No se encontraron pruebas coincidentes
Distribución de puntuación
Porcentaje de gente con cada puntuación
Porcentaje por número respondido
Historial de tus puntuaciones
No has intentado esta prueba desde el último reinicio